00176nam a2200073Ia 4500008004100000245003300041260001900074260000900093170620s9999 xx 000 0 und d 0aSamaj Manovigyan ke Ruprekha bDelhi- MotiLal c2010